000 00507nmm a2200169Ia 4500
008 251105s9999||||xx |||||||||||||||||und||
020 _a9789562828826
041 _aspa
100 _aCaro, Isaac
245 0 _aExtremismos de derecha y movimientos neonazis
264 _a[Santiago de Chile, Chile] :
_bLOM Ediciones,
_c2007
300 _a206 páginas
490 _aHistoria
650 _aHistory of the Americas: Latin America
856 _uhttps://public.digitaliapublishing.com/a/13222
942 _cCF
999 _c94313
_d94313